| 000 | 00955cac a22002771u 4500 | ||
|---|---|---|---|
| 090 | _c5625 | ||
| 008 | 090105t1995 xxu||||| |||| 00| 0 eng d | ||
| 010 | _a95016864 | ||
| 020 | _a0415133270 (hbk. : alk. paper) | ||
| 020 | _a0415130352 | ||
| 082 | 0 | 0 |
_a190 _bSCR |
| 100 | _aScruton, Roger. | ||
| 245 | 1 | 2 |
_aA short history of modern philosophy : _bfrom Descartes to Wittgenstein / _cRoger Scruton. |
| 250 | _a2nd., rev. and enl. ed. | ||
| 260 |
_aLondon ; _aNew York : _bRoutledge, _cc.1995. |
||
| 260 | _bdistributer: Al-Ahram | ||
| 300 |
_aix, 302 p. ; _c21 cm. |
||
| 500 | _aRev. ed. of: From Descartes to Wittgenstein. 1981. | ||
| 500 | _adistributer: Al-Ahram | ||
| 504 | _aIncludes bibliographical references (p. [282]-295) and index. | ||
| 511 | _acatalogued by: wessam | ||
| 650 | 0 | _aPhilosophy, Modern. | |
| 700 | 1 | _aScruton, Roger. | |
| 942 |
_cBB _k190SCR _2ddc |
||
| 999 |
_c5625 _d5625 |
||